Advances in Information and Communication Technologies for Adapting Agriculture to Climate Change II Proceedings of the 2nd International Conference of ICT for Adapting Agriculture to Climate Change (AACC'18), November 21-23, 2018, Cali, Colombia /

This book presents novel communication technology solutions to address the effects of climate change and climate variability on agriculture, with a particular focus on those that increase agricultural production. It discusses decision support and early warning systems for agriculture; information te...

Πλήρης περιγραφή

Λεπτομέρειες βιβλιογραφικής εγγραφής
Συγγραφή απο Οργανισμό/Αρχή: SpringerLink (Online service)
Άλλοι συγγραφείς: Corrales, Juan Carlos (Επιμελητής έκδοσης, http://id.loc.gov/vocabulary/relators/edt), Angelov, Plamen (Επιμελητής έκδοσης, http://id.loc.gov/vocabulary/relators/edt), Iglesias, José Antonio (Επιμελητής έκδοσης, http://id.loc.gov/vocabulary/relators/edt)
Μορφή: Ηλεκτρονική πηγή Ηλ. βιβλίο
Γλώσσα:English
Έκδοση: Cham : Springer International Publishing : Imprint: Springer, 2019.
Έκδοση:1st ed. 2019.
Σειρά:Advances in Intelligent Systems and Computing, 893
Θέματα:
Διαθέσιμο Online:Full Text via HEAL-Link
LEADER 04449nam a2200565 4500
001 978-3-030-04447-3
003 DE-He213
005 20191021201045.0
007 cr nn 008mamaa
008 181120s2019 gw | s |||| 0|eng d
020 |a 9783030044473  |9 978-3-030-04447-3 
024 7 |a 10.1007/978-3-030-04447-3  |2 doi 
040 |d GrThAP 
050 4 |a Q342 
072 7 |a UYQ  |2 bicssc 
072 7 |a TEC009000  |2 bisacsh 
072 7 |a UYQ  |2 thema 
082 0 4 |a 006.3  |2 23 
245 1 0 |a Advances in Information and Communication Technologies for Adapting Agriculture to Climate Change II  |h [electronic resource] :  |b Proceedings of the 2nd International Conference of ICT for Adapting Agriculture to Climate Change (AACC'18), November 21-23, 2018, Cali, Colombia /  |c edited by Juan Carlos Corrales, Plamen Angelov, José Antonio Iglesias. 
250 |a 1st ed. 2019. 
264 1 |a Cham :  |b Springer International Publishing :  |b Imprint: Springer,  |c 2019. 
300 |a XIII, 262 p. 164 illus., 141 illus. in color.  |b online resource. 
336 |a text  |b txt  |2 rdacontent 
337 |a computer  |b c  |2 rdamedia 
338 |a online resource  |b cr  |2 rdacarrier 
347 |a text file  |b PDF  |2 rda 
490 1 |a Advances in Intelligent Systems and Computing,  |x 2194-5357 ;  |v 893 
505 0 |a Inference System to Schedule Irrigation Applications with an Intelligent Agent -- Decision Support System for Precision Irrigation Using Interactive Maps and Multi-agent concepts -- Silkworm Growth Monitoring in Second Stage -Instar- Using Artificial Vision Techniques -- Wireless Sensor Network for Monitoring Climatic Variables and Greenhouse Gases in a Sugarcane Crop -- Design and Development of an Intelligent Seed Germination System Based on IoT -- Electronic Crop(e-Crop): An Intelligent IoT Solution for Optimum Crop Production -- Coffee crops variables monitoring: A case of study in Ecuadorian Andes -- IoT Network Applied to Agriculture: Monitoring Stations for Irrigation Management in Soils Cultivated with Sugarcane. 
520 |a This book presents novel communication technology solutions to address the effects of climate change and climate variability on agriculture, with a particular focus on those that increase agricultural production. It discusses decision support and early warning systems for agriculture; information technology (IT) supporting sustainable water management and land cover dynamics; predictive of crop production models; and software applications for reducing the effects of diseases and pests on crops. Further topics include the real-time monitoring of weather conditions and water quality, as well as food security issues. Featuring the proceedings of the International Conference of ICT for Adapting Agriculture to Climate Change (AACC'18), held on November 21-23, 2018, in Cali, Colombia, the book represents a timely report and a source of new ideas and solutions for both researchers and practitioners active in the agricultural sector around the globe. 
650 0 |a Computational intelligence. 
650 0 |a Agriculture. 
650 0 |a Climate change. 
650 0 |a Artificial intelligence. 
650 0 |a Electrical engineering. 
650 1 4 |a Computational Intelligence.  |0 http://scigraph.springernature.com/things/product-market-codes/T11014 
650 2 4 |a Agriculture.  |0 http://scigraph.springernature.com/things/product-market-codes/L11006 
650 2 4 |a Climate Change/Climate Change Impacts.  |0 http://scigraph.springernature.com/things/product-market-codes/313000 
650 2 4 |a Artificial Intelligence.  |0 http://scigraph.springernature.com/things/product-market-codes/I21000 
650 2 4 |a Communications Engineering, Networks.  |0 http://scigraph.springernature.com/things/product-market-codes/T24035 
700 1 |a Corrales, Juan Carlos.  |e editor.  |4 edt  |4 http://id.loc.gov/vocabulary/relators/edt 
700 1 |a Angelov, Plamen.  |e editor.  |4 edt  |4 http://id.loc.gov/vocabulary/relators/edt 
700 1 |a Iglesias, José Antonio.  |e editor.  |4 edt  |4 http://id.loc.gov/vocabulary/relators/edt 
710 2 |a SpringerLink (Online service) 
773 0 |t Springer eBooks 
776 0 8 |i Printed edition:  |z 9783030044466 
776 0 8 |i Printed edition:  |z 9783030044480 
830 0 |a Advances in Intelligent Systems and Computing,  |x 2194-5357 ;  |v 893 
856 4 0 |u https://doi.org/10.1007/978-3-030-04447-3  |z Full Text via HEAL-Link 
912 |a ZDB-2-INR 
950 |a Intelligent Technologies and Robotics (Springer-42732)